| 000 | 01015nam a22002655i 4500 | ||
|---|---|---|---|
| 001 | 178487 | ||
| 003 | ES-MaACL | ||
| 005 | 20230906220537.0 | ||
| 008 | 110603s1985 sp ao |||| | spa d | ||
| 020 | _a84-86152-12-7 | ||
| 080 | _a617.55(075.8) | ||
| 100 | 1 |
_aDiego Carmona, José A. de. _9146900 |
|
| 245 | 1 | 0 |
_aPatología quirúrgica del abdomen / _cpor José A. de Diego Carmona ; colaboran, Rafael Casanova Gómez ... [et al.]. |
| 260 |
_aMadrid : _bLuzán 5, _cD. L. 1985. |
||
| 300 |
_a2 v. : _bil. bl. y n. ; _c24 cm. |
||
| 490 | 1 |
_aPregrado quirúrgico ; _v1-2 |
|
| 500 | _aIncluyen tests al final. | ||
| 504 | _aBibliografía. | ||
| 505 | 8 | _aContiene: Vol. I. Esófago, estomágo e intestino.- Vol. II. Pared abdominal, peritoneo, hígado, vías biliares, páncreas y bazo | |
| 650 | 4 |
_aAbdomen- _xCirugía. _9146902 |
|
| 700 | 1 |
_aCasanova Gómez, Rafael. _9146901 |
|
| 830 | 0 |
_aPregrado quirúrgico ; _v1-2 _9190997 |
|
| 852 |
_aES-MaACL _jE-15236-37 _xOlim P-600 |
||
| 999 |
_c178487 _d178487 |
||